000 00719nam a2200229Ia 4500
005 20260429112114.0
008 260429s9999||||xx |||||||||||||| ||und||
020 _a9783031695407
041 _aEnglish
082 _a370.15
_bHAT
100 _aHatzichristou, Chryse
245 0 _aHandbook of school psychology in the global context :
_btransnational approaches to support children, families and school communities /
_cChryse Hatzichristou
250 _a1st ed.
260 _aSwitzerland :
_bSpringer,
_c2024.
300 _axiv, 494 p.; hb
650 _a Children
650 _a School communities
650 _aPsychology
700 _a Jimerson, Shane R.
700 _a Nastasi, Bonnie Kaul
942 _cTB
999 _c52380
_d52380